The handbook of manufacturing engineering, parts fabrication: principles and process. -- 2nd ed. (Record no. 45295)

MARC details
000 -LEADER
fixed length control field 00835nam a2200205 a 4500
008 - FIXED-LENGTH DATA ELEMENTS--GENERAL INFORMATION
fixed length control field 090115s2006 ||||||||||||||||| || u
020 ## - INTERNATIONAL STANDARD BOOK NUMBER
International Standard Book Number 0849355540
050 ## - LIBRARY OF CONGRESS CALL NUMBER
Classification number TJ 243 Han
100 ## - MAIN ENTRY--PERSONAL NAME
Personal name Crowson, Richard, ed
245 14 - TITLE STATEMENT
Title The handbook of manufacturing engineering, parts fabrication: principles and process. -- 2nd ed.
Statement of responsibility, etc. edited by Richard Crowson
250 ## - EDITION STATEMENT
Edition statement 2nd ed.
260 ## - PUBLICATION, DISTRIBUTION, ETC.
Place of publication, distribution, etc. London
Name of publisher, distributor, etc. Taylor & Francis
Date of publication, distribution, etc. 2006
300 ## - PHYSICAL DESCRIPTION
Extent [viii], 404p.: ill.
350 ## - PRICE (NR) (BK AM CF MU VM SE) [OBSOLETE]
Price 0.00
650 ## - SUBJECT ADDED ENTRY--TOPICAL TERM
Topical term or geographic name entry element MACHINE PARTS--DESIGN AND CONSTRUCTION
650 ## - SUBJECT ADDED ENTRY--TOPICAL TERM
Topical term or geographic name entry element MACHINE PARTS--MAINTENANCE AND REPAIR
650 ## - SUBJECT ADDED ENTRY--TOPICAL TERM
Topical term or geographic name entry element ENGINEERING
650 ## - SUBJECT ADDED ENTRY--TOPICAL TERM
Topical term or geographic name entry element MACHINE PARTS--HANDBOOKS, MANUALS, ETC
995 ## - RECOMMENDATION 995 [LOCAL, UNIMARC FRANCE]
-- 0.00
-- CBU-MAIN LIBRARY (Kitwe)
-- 1
-- 0.00
-- 1
-- AVAILABLE
-- Feb 11, 2009
-- Main Library Open Access Collection
Holdings
Withdrawn status Lost status Source of classification or shelving scheme Damaged status Not for loan Home library Current library Shelving location Date acquired Total Checkouts Full call number Barcode Date last seen Price effective from Koha item type
          CBU-MAIN LIBRARY, KITWE. CBU-MAIN LIBRARY, KITWE.   11/30/2022   TJ 243 Han 739350 11/30/2022 11/30/2022 MONOGRAPH